| 000 | 005220000a22001930004500 | ||
|---|---|---|---|
| 001 | 000263 | ||
| 003 | MACL | ||
| 005 | 20150802175705.0 | ||
| 008 | 150802b xxu||||| |||| 00| 0 eng d | ||
| 040 |
_aMACL _cMACL |
||
| 041 | _aEnglish | ||
| 082 | _a382.782/MAL | ||
| 100 |
_aMalik, Satyender Singh _94514 |
||
| 245 |
_aEthical Legal and Regulatory Aspects of Tourism Business _cSatyender Singh Malik |
||
| 260 |
_aDelhi _c1997 _bRahul Publishing house, |
||
| 350 | _a200 | ||
| 650 |
_aBusiness _94515 |
||
| 942 |
_k383 _cBK _2ddc |
||
| 999 |
_c265 _d265 |
||